[Event "UKR-ch"]
[Site "Alushta"]
[Date "2010.05.10"]
[Round "8"]
[White "Panakhova, Elena"]
[Black "Maslov, Valentin"]
[Result "1-0"]
[WhiteElo "2023"]
[BlackElo "2116"]
[PlyCount "87"]
[EventDate "2010.05.03"]
[EventType "swiss"]
[EventRounds "9"]
[EventCountry "UKR"]
[SourceTitle "CBM 136 Extra"]
[Source "ChessBase"]
[SourceDate "2010.07.02"]
[SourceVersion "2"]
[SourceVersionDate "2010.07.15"]
[SourceQuality "1"]

1. e4 e5 2. f4 exf4 3. Nf3 d5 4. exd5 Qxd5 5. Nc3 Qh5 6. Bc4 Bd6 7. d4 Bg4 8. 0-0 g5 9. Qe1+ Kf8 10. Ne5 Nh6 11. Ne4 Bxe5 12. dxe5 Nd7 13. Qb4+ Kg7 14. e6 fxe6 15. Qe7+ Qf7 16. Qxg5+ Qg6 17. Bxf4 Nf7 18. Qxg6+ hxg6 19. Rf2 Nb6 20. Bb3 Nd5 21. Bd2 Rhd8 22. c4 Nb6 23. Bc3+ e5 24. Raf1 Bf5 25. Ng3 Be6 26. c5 Nd5 27. Bd2 c6 28. Ne4 Rf8 29. Nc3 Rad8 30. h3 Nc7 31. Bc2 Bc4 32. Re1 Ne6 33. Ne4 Bd5 34. Bc3 Nd4 35. Bxd4 exd4 36. Nf6 Ne5 37. Rxe5 Rxf6 38. Re7+ Bf7 39. Bb3 Rf8 40. Rxb7 Rxf2 41. Kxf2 Kf6 42. Rxf7+ Rxf7 43. Bxf7 Kxf7 44. Kf3 1-0

[Event "UKR-ch sf"]
[Site "Alushta"]
[Date "2008.05.16"]
[Round "6"]
[White "Yastreb, Konstantin"]
[Black "Panakhova, Elena"]
[Result "1-0"]
[WhiteElo "2259"]
[BlackElo "2100"]
[PlyCount "81"]
[EventDate "2008.05.10"]
[EventType "swiss"]
[EventRounds "9"]
[EventCountry "UKR"]
[SourceTitle "CBM 124 Extra"]
[Source "ChessBase"]
[SourceDate "2008.07.03"]
[SourceVersion "1"]
[SourceVersionDate "2008.07.03"]
[SourceQuality "1"]

1. e4 c5 2. Nf3 d6 3. c3 Nf6 4. h3 Nc6 5. Bd3 e6 6. Bc2 Be7 7. 0-0 0-0 8. Re1 Bd7 9. d4 cxd4 10. cxd4 Nb4 11. Bb3 Rc8 12. Nc3 Bc6 13. d5 exd5 14. exd5 Bd7 15. a3 Na6 16. Bc2 Re8 17. Be3 b6 18. Qd4 Nc7 19. Bd3 Nh5 20. Qb4 g6 21. a4 Bf8 22. a5 Nf6 23. Qb3 bxa5 24. Rxa5 Rb8 25. Qa2 Ncxd5 26. Nxd5 Nxd5 27. Rxd5 Be6 28. Bc4 Bxd5 29. Bxd5 Re7 30. Nd4 Rxe3 31. Rxe3 Qf6 32. Qxa7 Rxb2 33. Nf3 Rb5 34. Qa2 Qf5 35. Be4 Qf4 36. g3 Qf6 37. Kg2 Kg7 38. Rb3 Rc5 39. Rb7 Rc1 40. Bd5 Be7 41. Rxe7 1-0

[Event "UKR-ch sf"]
[Site "Alushta"]
[Date "2008.05.15"]
[Round "5"]
[White "Panakhova, Elena"]
[Black "Garnazhenko, Dmitry"]
[Result "1-0"]
[WhiteElo "2100"]
[BlackElo "1874"]
[PlyCount "45"]
[EventDate "2008.05.10"]
[EventType "swiss"]
[EventRounds "9"]
[EventCountry "UKR"]
[SourceTitle "CBM 124 Extra"]
[Source "ChessBase"]
[SourceDate "2008.07.03"]
[SourceVersion "1"]
[SourceVersionDate "2008.07.03"]
[SourceQuality "1"]

1. e4 c5 2. Nf3 Nc6 3. d3 g6 4. g3 Bg7 5. Bg2 d6 6. 0-0 e5 7. c3 Nge7 8. Be3 0-0 9. d4 cxd4 10. cxd4 Qb6 11. d5 Qxb2 12. dxc6 Qxa1 13. Qd2 d5 14. Na3 Qxf1+ 15. Bxf1 d4 16. Bh6 Nxc6 17. Nc4 Re8 18. Nd6 Re7 19. Bc4 Bg4 20. Nh4 Be6 21. Nhf5 Rd7 22. Bxg7 Bxc4 23. Bf6 1-0

[Event "UKR-ch sf"]
[Site "Alushta"]
[Date "2008.05.14"]
[Round "4"]
[White "Dolgopolov, Alexander"]
[Black "Panakhova, Elena"]
[Result "1-0"]
[WhiteElo "2274"]
[BlackElo "2100"]
[PlyCount "105"]
[EventDate "2008.05.10"]
[EventType "swiss"]
[EventRounds "9"]
[EventCountry "UKR"]
[SourceTitle "CBM 124 Extra"]
[Source "ChessBase"]
[SourceDate "2008.07.03"]
[SourceVersion "1"]
[SourceVersionDate "2008.07.03"]
[SourceQuality "1"]

1. d4 d5 2. c4 c6 3. Nf3 Nf6 4. e3 e6 5. Bd3 Nbd7 6. b3 Bd6 7. Bb2 Qe7 8. Ne5 Ne4 9. 0-0 Qg5 10. f4 Qh6 11. Nd2 Bxe5 12. dxe5 Nxd2 13. Qxd2 0-0 14. Rf3 g6 15. cxd5 cxd5 16. Ba3 Re8 17. Rc1 Nb6 18. Rc7 Qh4 19. Rh3 Qd8 20. Bd6 Bd7 21. Rxb7 Nc8 22. Bc7 Qe7 23. Ba5 Nb6 24. Bb5 Reb8 25. Rxb8+ Rxb8 26. Ba6 Qa3 27. Rf3 Nc4 28. Bxc4 dxc4 29. Bc7 cxb3 30. axb3 Rc8 31. Qxd7 Qc1+ 32. Rf1 Qxc7 33. Qxc7 Rxc7 34. Ra1 Rb7 35. Ra3 Kg7 36. g4 g5 37. Kf2 f6 38. exf6+ Kxf6 39. Kf3 gxf4 40. exf4 h5 41. h3 e5 42. fxe5+ Kxe5 43. Ra5+ Kf6 44. Rxh5 Rxb3+ 45. Kf4 a5 46. g5+ Kg7 47. Rh6 a4 48. Kg4 Rb5 49. Kh5 Rb3 50. h4 Rb4 51. Ra6 Rc4 52. Ra7+ Kf8 53. g6 1-0

[Event "UKR-ch sf"]
[Site "Alushta"]
[Date "2008.05.11"]
[Round "1"]
[White "Shulga, Jury"]
[Black "Panakhova, Elena"]
[Result "1/2-1/2"]
[WhiteElo "2327"]
[BlackElo "2100"]
[PlyCount "159"]
[EventDate "2008.05.10"]
[EventType "swiss"]
[EventRounds "9"]
[EventCountry "UKR"]
[SourceTitle "CBM 124 Extra"]
[Source "ChessBase"]
[SourceDate "2008.07.03"]
[SourceVersion "1"]
[SourceVersionDate "2008.07.03"]
[SourceQuality "1"]

1. e4 c5 2. Nf3 d6 3. d4 cxd4 4. Nxd4 Nf6 5. Nc3 a6 6. Be2 e5 7. Nb3 Be6 8. 0-0 Be7 9. Be3 0-0 10. Nd5 Nxe4 11. Bb6 Qd7 12. Nc7 Nc6 13. Nxa8 Rxa8 14. f3 Nf6 15. Re1 Nd5 16. Bf2 Nf4 17. Bf1 Bf5 18. c3 Qe6 19. Qd2 Qg6 20. Be3 Ne6 21. Kh1 h5 22. Rad1 Bc2 23. Bd3 Bxd3 24. Qxd3 Qf6 25. Nd2 Rd8 26. Ne4 Qg6 27. Ng3 Qf6 28. Nxh5 Qh4 29. Ng3 g6 30. Qe4 Qh7 31. Nf1 Kg7 32. Qc4 Rh8 33. Re2 Qh5 34. Red2 Ng5 35. Qe2 Ne6 36. Qc4 Ng5 37. Bxg5 Qxg5 38. Qg4 Qf6 39. Ne3 Qg5 40. Qxg5 Bxg5 41. Re2 Bf4 42. h3 Ne7 43. Kg1 Rc8 44. Nd5 Nxd5 45. Rxd5 Rc6 46. Kf2 Kf6 47. Rc2 Ke6 48. c4 b5 49. b3 bxc4 50. bxc4 Bg5 51. Ra5 Bd8 52. Ra3 Bb6+ 53. Ke2 Bc5 54. Rb3 Rc7 55. Kd3 a5 56. Rb5 Ra7 57. Rcb2 Bb4 58. Rb3 f6 59. Rb6 Kf5 60. Rb8 Rd7 61. a3 Bc5 62. Ra8 Kf4 63. Rxa5 Kg3 64. Rb2 Bf2 65. Rd5 Kxg2 66. Ke2 Bc5 67. Rbd2 Ra7 68. Rxd6 Bxd6 69. Rxd6 f5 70. Rxg6+ Kxh3 71. Rg5 f4 72. Kf2 Kh4 73. Rxe5 Rxa3 74. Re4 Kg5 75. Rd4 Ra2+ 76. Ke1 Rc2 77. Kd1 Rc3 78. Ke2 Kf5 79. Re4 Kg5 80. Rd4 1/2-1/2

[Event "UKR-ch sf (Women)"]
[Site "Alushta"]
[Date "2005.05.24"]
[Round "9"]
[White "Panakhova, Elena"]
[Black "Orlyanskaya, Darya"]
[Result "1/2-1/2"]
[WhiteElo "2103"]
[BlackElo "2045"]
[PlyCount "73"]
[EventDate "2005.05.16"]
[EventType "swiss"]
[EventRounds "9"]
[EventCountry "UKR"]
[SourceTitle "CBM 106 Extra"]
[Source "ChessBase"]
[SourceDate "2005.07.01"]
[SourceVersion "1"]
[SourceVersionDate "2005.07.01"]
[SourceQuality "1"]

1. e4 c5 2. d3 Nc6 3. Nf3 e5 4. g3 g6 5. Bg2 Bg7 6. 0-0 d6 7. h3 f5 8. exf5 gxf5 9. Nc3 Nf6 10. Bg5 Be6 11. Nh4 Qd7 12. Bxf6 Bxf6 13. Qh5+ Qf7 14. Qxf7+ Kxf7 15. Nf3 Rac8 16. Nb5 Ke7 17. c3 a6 18. Na3 b5 19. Nc2 b4 20. c4 Kd7 21. Nd2 e4 22. Rab1 exd3 23. Ne1 Ne5 24. b3 Rhg8 25. f4 Nc6 26. Rf3 Nd4 27. Rxd3 Ne2+ 28. Kh2 Bd4 29. Nf1 Bg1+ 30. Kh1 Bf2 31. Rbd1 Nxg3+ 32. Nxg3 Rxg3 33. Rxd6+ Ke7 34. Rxa6 Rcg8 35. Rxe6+ Kxe6 36. Bd5+ Kf6 37. Bxg8 1/2-1/2